| 000 | 00952nas a2200313 4500 | ||
|---|---|---|---|
| 001 | BR0904901 | ||
| 003 | BR-BrBNA | ||
| 005 | 20231205113624.0 | ||
| 007 | ta | ||
| 008 | 230509b bl.|||p| |||| 00| 00por d | ||
| 040 |
_aBR-BrBNA _bpor _cBiblioteca Nacional de Agricultura |
||
| 041 | _a(Pt) | ||
| 072 | _aH10 | ||
| 100 | 1 | _aLima, A.N. | |
| 100 | 1 | _aBatista, J.L. | |
| 100 | 1 | _aCosta, N,P. | |
| 100 | 1 | _aPereira, W.E. | |
| 100 | 1 | _aBrito, C.H. | |
| 100 | 1 | _aSilva, A.B. | |
| 100 | 1 | _aMarinus, J.V.M.L. | |
| 245 | 1 | _aInfluência do tratamento térmico com vapor no controle de Ceratitis capitata e na qualidade dos frutos de sapoti (Achras sapota L.) | |
| 650 | _aSAPOTI | ||
| 650 | _aPÓS-COLHEITA | ||
| 650 | _aMOSCA DAS FRUTAS | ||
| 650 | _aPRAGA DE PLANTA | ||
| 773 | 0 |
_tEcossistema (Brazil) _xISSN 0100-4107 _g(Jan-Dec 2007), v. 32(1-2) p. 67-74 _wBR0904901 |
|
| 909 |
_a202311 _bLúcia _c55 _dLúcia Elande |
||
| 942 |
_2AGRIS _n0 _cANA |
||
| 999 |
_c204754 _d204754 |
||